Normal view
MARC view
- بقلم طباره، عفيف عبد الفتاح
Entry Personal Name
001 - CONTROL NUMBER
- control field: 17707
003 - CONTROL NUMBER IDENTIFIER
- control field: JO-AjAnu
005 - DATE AND TIME OF LATEST TRANSACTION
- control field: 20230606073125.0
008 - FIXED-LENGTH DATA ELEMENTS
- fixed length control field: 230606|| aca||aabn | a|a d
040 ## - CATALOGING SOURCE
- Original cataloging agency: JO-AjAnu
- Transcribing agency: JO-AjAnu
100 ## - HEADING--PERSONAL NAME
- Personal name: بقلم طباره، عفيف عبد الفتاح
670 ## - SOURCE DATA FOUND
- Source citation: Work cat.: (JO-AjAnu)9096: بقلم طباره، عفيف عبد الفتاح, author, روح القرأن الكريم : تفسير جزء الاحقاف، ج26